Criterios de los organismos estabilizadores de precios sobre el Proyecto de Fondo Regional de Estabilización de Precios Agrícolas
Resumen de las observaciones y criterios de los organismos estabilizadores de precios sobre el proyecto del fondo regional de estabilización de precios agrícolas en Centroamérica, resume observaciones y criterios relacionados con objetivos, recursos, aporte financiero de los organismos para constitu...
Gardado en:
| Autor Corporativo: | |
|---|---|
| Formato: | Texto |
| Publicado: |
Guatemala:
SIECA
|
| Materias: | |
| Etiquetas: |
Engadir etiqueta
Sen Etiquetas, Sexa o primeiro en etiquetar este rexistro!
|
MARC
| LEADER | 00000 a a2200000 04500 | ||
|---|---|---|---|
| 001 | 19783 | ||
| 003 | |||
| 040 | |a CRAI/IIS |c CRAI/IIS | ||
| 090 | |a 079700 | ||
| 110 | |a SIECA | ||
| 245 | |a Criterios de los organismos estabilizadores de precios sobre el Proyecto de Fondo Regional de Estabilización de Precios Agrícolas | ||
| 260 | |a Guatemala: |b SIECA | ||
| 300 | |a 56 p. | ||
| 520 | |a Resumen de las observaciones y criterios de los organismos estabilizadores de precios sobre el proyecto del fondo regional de estabilización de precios agrícolas en Centroamérica, resume observaciones y criterios relacionados con objetivos, recursos, aporte financiero de los organismos para constituir el fondo. Revisa viabilidad técnica y económica del proyecto, naturaleza jurídica y administrativa, cobertura, costos, programa anual de estabilización de precios, beneficios esperados y reformas a su estatuto./ACM | ||
| 650 | |a AMERICA CENTRAL | ||
| 650 | |a MCCA | ||
| 650 | |a ESTABILIZACION DE LOS PRECIOS | ||
| 650 | |a PRECIOS AGRICOLAS | ||
| 650 | |a PUB. SIECA | ||
| 999 | |c 17707 |d 17707 | ||
